Sweden Anthem Lyrics - Statistics

General Stats
  • This quiz has been taken 5 times
  • The average score is 5 of 8
Answer Stats
Texter % Correct
Du gamla, Du fria, Du fjällhöga nord
100%
Du tysta, Du glädjerika sköna!
100%
Din sol, Din himmel, Dina ängder gröna.
80%
Då ärat Ditt namn flög över jorden.
40%
Du tronar på minnen från fornstora da'r,
40%
Jag hälsar Dig, vänaste land uppå jord,
40%
Jag vet att Du är och Du blir vad Du var.
40%
Ja, jag vill leva, jag vill dö i Norden.
40%
No matching quizzes found
Score Distribution
Percent of People with Each Score
Percentile by Number Answered
Your Score History
You have not taken this quiz